000 00664nam a2200217Ia 4500
005 20250508165139.0
008 008 250505s9999 xx 000 0 eng d
020 _a978-0-8058-6458-1
037 _aTextBook
040 _aFEDL
_beng
_cFEDL
041 _aeng
_2eng
084 _a507.1, BRU/R
_qFEDL
100 _aBruna Katherine Richardson Ed.
_9779988
245 0 _aWork of language in multicultural classrooms: Talking science, writing science
260 _aLondon, UK
_bRoutledge
_c2009
300 _axiv,362p.
365 _aGBP
_b28.99
700 _a Gomez Kimberley Ed.
_9779989
942 _cTB
_h507.1, BRU/R
999 _c1393423
_d1393423